000 00390pab a2200157 454500
008 180718b2010 xxu||||| |||| 00| 0 eng d
100 _aMenon, Meena
245 _aChronicle of communal riots in Bombay presidency (1893-1945)
260 _c2010
300 _ap.63-72.
362 _a20 Nov
650 _aRiots
773 _aEconomic and Political Weekly
908 _aN
909 _a90198
999 _c90198
_d90198